[Event "Kingston Easter U1900"]
[Site "Kingston"]
[Date "2019.04.19"]
[Round "3.29"]
[White "Groot Lipman, Jeff"]
[Black "Landstrom, William"]
[Result "1-0"]
[WhiteElo "1848"]
[BlackElo "1583"]
[PlyCount "91"]
[EventDate "2019.04.18"]
[EventType "swiss"]
[EventRounds "9"]
[EventCountry "CAN"]
[SourceTitle "EXT 2022"]
[Source "ChessBase"]
[SourceDate "2021.10.06"]
[SourceVersion "1"]
[SourceVersionDate "2021.10.06"]
[SourceQuality "1"]

1. e4 d6 2. d4 Nf6 3. Nc3 e5 4. f4 exd4 5. Qxd4 Nc6 6. Bb5 Bd7 7. Qd3 Qe7 8. Nf3 a6 9. Bc4 Nb4 10. Qe2 d5 11. Bb3 Bg4 12. e5 Nd7 13. a3 d4 14. axb4 dxc3 15. bxc3 c5 16. Bd2 Qd8 17. h3 Bxf3 18. Qxf3 Be7 19. e6 fxe6 20. Bxe6 Qb6 21. Bxd7+ Kxd7 22. Be3 Rae8 23. 0-0 g6 24. Rad1+ Kc7 25. Rd5 Kb8 26. Rfd1 Qf6 27. Rd7 Qb6 28. Rxe7 Rxe7 29. Bxc5 Qe6 30. Bxe7 Qxe7 31. Rd5 Rc8 32. Re5 Qd6 33. Rd5 Qe6 34. Rd3 Qe1+ 35. Qf1 Qe6 36. Qf3 Qe1+ 37. Kh2 Qe6 38. Qe3 Qf7 39. Qf3 Qe6 40. Rd4 Qf7 41. Qd3 Qf6 42. c4 g5 43. Qe4 gxf4 44. Qxf4+ Qxf4+ 45. Rxf4 Rc7 46. c3 1-0